| 000 | 00427nam a22001337a 4500 | ||
|---|---|---|---|
| 999 |
_c525550 _d525550 |
||
| 008 | 240321b ||||| |||| 00| 0 eng d | ||
| 100 |
_aSwamy, Anand V. _944237 |
||
| 245 | _aMody, Ashoka. India Is Broken: A people betrayed, independence to today | ||
| 260 | _aJournal of Economic Literature | ||
| 300 | _a61(4), Dec, 2023: p.1584-85 | ||
| 773 | _aJournal of Economic Literature | ||
| 906 | _aBOOK REVIEW | ||
| 942 | _cAR | ||